[Event "Las Vegas National op"]
[Site "Las Vegas"]
[Date "2006.06.16"]
[Round "2"]
[White "Meyer, Paul R"]
[Black "Murzin, Lenar"]
[Result "0-1"]
[WhiteElo "2108"]
[BlackElo "2195"]
[PlyCount "78"]
[EventDate "2006.06.16"]
[EventType "swiss"]
[EventRounds "6"]
[EventCountry "USA"]
[SourceTitle "CBM 112 Extra"]
[Source "ChessBase"]
[SourceDate "2006.07.14"]
[SourceVersion "1"]
[SourceVersionDate "2006.07.14"]
[SourceQuality "1"]

1. e4 c5 2. Nf3 e6 3. d4 cxd4 4. Nxd4 Nc6 5. Nc3 Qc7 6. Be3 a6 7. Be2 Nf6 8. a3 Be7 9. g4 d5 10. exd5 Nxd5 11. Nxd5 exd5 12. Qd2 0-0 13. 0-0-0 Ne5 14. Bf4 Bd6 15. Nf5 Nd3+ 16. Qxd3 Bxf4+ 17. Kb1 Be6 18. Qd4 Be5 19. Ne7+ Kh8 20. Nxd5 Qb8 21. Qe4 f5 22. gxf5 Bxf5 23. Qb4 b5 24. Ne7 a5 25. Qc5 Be4 26. Rhe1 b4 27. Bb5 Rf4 28. Nc6 Bxc6 29. Bxc6 Bf6 30. Bxa8 bxa3 31. b3 a2+ 32. Kxa2 Ra4+ 33. Qa3 Rxa3+ 34. Kxa3 Qxa8 35. f3 h6 36. Rd3 Qc6 37. Re2 Qc5+ 38. Ka2 Kh7 39. c4 Qg1 0-1

[Event "Las Vegas National op"]
[Site "Las Vegas"]
[Date "1993.??.??"]
[Round "1"]
[White "Gurevich, Dmitry"]
[Black "Meyer, Paul R"]
[Result "1-0"]
[WhiteElo "2495"]
[BlackElo "2370"]
[PlyCount "65"]
[EventDate "1993.06.??"]
[EventType "swiss"]
[EventRounds "6"]
[EventCountry "USA"]
[SourceTitle "EXT 1997"]
[Source "ChessBase"]
[SourceDate "1996.11.15"]
[SourceVersion "1"]
[SourceVersionDate "1996.11.15"]
[SourceQuality "1"]

1. d4 Nf6 2. c4 g6 3. Nc3 Bg7 4. e4 d6 5. Nf3 0-0 6. h3 e5 7. d5 a5 8. Bg5 h6 9. Be3 Nbd7 10. g4 Nc5 11. Nd2 Ne8 12. Rg1 Kh8 13. a3 f5 14. gxf5 gxf5 15. Qh5 f4 16. Bxc5 dxc5 17. Nf3 Qe7 18. Nh4 Qf7 19. Ng6+ Kg8 20. Qf3 Qf6 21. Nxf8 Kxf8 22. Qh5 Qf7 23. Qxf7+ Kxf7 24. 0-0-0 Nd6 25. Nb5 Nxb5 26. cxb5 Bf8 27. Be2 Bxh3 28. b6 Be7 29. bxc7 Bd7 30. Bg4 Bxg4 31. Rxg4 h5 32. d6 hxg4 33. d7 1-0